[Event "HUN-chT2 Breyer 1819"]
[Site "Hungary"]
[Date "2019.01.27"]
[Round "4.1"]
[White "Berek, Geza"]
[Black "Dencsi, Tibor"]
[Result "1/2-1/2"]
[WhiteElo "2220"]
[BlackElo "2299"]
[PlyCount "47"]
[EventDate "2018.10.28"]
[EventType "team-tourn"]
[EventRounds "9"]
[EventCountry "HUN"]
[SourceTitle "CBM 189 Extra"]
[Source "ChessBase"]
[SourceDate "2019.06.03"]
[SourceVersion "1"]
[SourceVersionDate "2019.06.03"]
[SourceQuality "1"]
[WhiteTeam "Nyergesujfalu"]
[BlackTeam "Vizugy"]
[WhiteTeamCountry "HUN"]
[BlackTeamCountry "HUN"]

1. e4 d5 2. exd5 Qxd5 3. Nc3 Qa5 4. d4 Nf6 5. Nf3 Bf5 6. Bd2 c6 7. Bc4 e6 8. Nd5 Qd8 9. Nxf6+ gxf6 10. c3 Nd7 11. Qe2 Nb6 12. Bb3 Nd5 13. Nh4 Bg6 14. c4 Ne7 15. Bc3 Bg7 16. Nxg6 hxg6 17. 0-0-0 Kf8 18. h3 Qd7 19. Rhe1 Rh5 20. Qf3 Rf5 21. Qe2 Rh5 22. Qf3 Rf5 23. Qe2 Rh5 24. Qf3 1/2-1/2

[Event "HUN-chT2 Breyer 1718"]
[Site "Hungary"]
[Date "2017.12.17"]
[Round "6.1"]
[White "Gelle, Istvan"]
[Black "Dencsi, Tibor"]
[Result "1-0"]
[WhiteElo "2307"]
[BlackElo "2314"]
[PlyCount "115"]
[EventDate "2017.09.24"]
[EventType "team-tourn"]
[EventRounds "11"]
[EventCountry "HUN"]
[SourceTitle "EXT 2021"]
[Source "ChessBase"]
[SourceDate "2020.10.23"]
[SourceVersion "1"]
[SourceVersionDate "2020.10.23"]
[SourceQuality "1"]
[WhiteTeam "Budapest HASE"]
[BlackTeam "Vizugy"]
[WhiteTeamCountry "HUN"]
[BlackTeamCountry "HUN"]

1. d4 Nf6 2. Bf4 g6 3. e3 Bg7 4. h3 0-0 5. Nf3 c5 6. c3 b6 7. Nbd2 Bb7 8. Be2 d6 9. 0-0 Nbd7 10. a4 a6 11. Bh2 Qc7 12. Re1 Rfe8 13. Bc4 e6 14. Qb3 Qc6 15. Bf1 d5 16. Qa2 c4 17. b4 b5 18. Qc2 Ne4 19. Rec1 f6 20. Ra2 Nb6 21. axb5 axb5 22. Rca1 Rad8 23. Ra5 Nd6 24. Bxd6 Rxd6 25. Nb1 Qd7 26. Na3 Bc6 27. g3 e5 28. Bg2 e4 29. Nd2 f5 30. h4 h6 31. Rf1 Rf6 32. f4 exf3 33. Rxf3 Nc8 34. Qa2 g5 35. hxg5 hxg5 36. Nc2 Rf7 37. Rf2 Qc7 38. Nf1 Bf8 39. Na3 Nd6 40. Qe2 Rh7 41. Bh1 Qd7 42. Rh2 Ree7 43. Rh5 Reg7 44. Bg2 Nf7 45. Rxh7 Rxh7 46. g4 Rh4 47. gxf5 Qxf5 48. e4 dxe4 49. Nxc4 Qh7 50. Nce3 g4 51. Nxg4 Qg7 52. Nfe3 Ng5 53. Qf2 Nh3+ 54. Bxh3 Rxh3 55. Qg2 Rf3 56. Nf5 Qg6 57. Ngh6+ Kh7 58. Ra7+ 1-0

[Event "HUN-chT2 Breyer 1718"]
[Site "Hungary"]
[Date "2017.11.26"]
[Round "4.1"]
[White "Dudas, Janos"]
[Black "Dencsi, Tibor"]
[Result "1-0"]
[WhiteElo "2336"]
[BlackElo "2314"]
[PlyCount "67"]
[EventDate "2017.09.24"]
[EventType "team-tourn"]
[EventRounds "11"]
[EventCountry "HUN"]
[SourceTitle "EXT 2021"]
[Source "ChessBase"]
[SourceDate "2020.10.23"]
[SourceVersion "1"]
[SourceVersionDate "2020.10.23"]
[SourceQuality "1"]
[WhiteTeam "Torokbalint"]
[BlackTeam "Vizugy"]
[WhiteTeamCountry "HUN"]
[BlackTeamCountry "HUN"]

1. d4 Nf6 2. Nf3 e6 3. Bg5 c5 4. e3 Qb6 5. Qc1 Nc6 6. c3 d5 7. Nbd2 Bd6 8. Bd3 Bd7 9. 0-0 0-0-0 10. c4 Kb8 11. dxc5 Bxc5 12. a3 Be7 13. b4 Rc8 14. c5 Qd8 15. Qb2 Ka8 16. Rab1 h6 17. Bf4 Nh5 18. b5 Bf6 19. bxc6 Bxb2 20. cxb7+ Kxb7 21. Rxb2+ Ka8 22. Ba6 Bc6 23. Bd6 Qa5 24. Bxc8 Rxc8 25. Rfb1 a6 26. Nb3 Qxa3 27. Nbd4 Bb5 28. Nxb5 axb5 29. Rxb5 Qa2 30. Nd4 Nf6 31. Rb8+ Ka7 32. R1b7+ Ka6 33. Rb6+ Ka5 34. Nc6+ 1-0

[Event "Budapest FS03 IM"]
[Site "Budapest"]
[Date "2017.03.10"]
[Round "6"]
[White "Dencsi, Tibor"]
[Black "Ilincic, Zlatko"]
[Result "1-0"]
[WhiteElo "2314"]
[BlackElo "2397"]
[PlyCount "57"]
[EventDate "2017.03.04"]
[EventType "tourn"]
[EventRounds "9"]
[EventCountry "HUN"]
[SourceTitle "CBM 177 Extra"]
[Source "ChessBase"]
[SourceDate "2017.04.27"]
[SourceVersion "1"]
[SourceVersionDate "2017.04.27"]
[SourceQuality "1"]

1. d4 Nf6 2. c4 e6 3. Nf3 Bb4+ 4. Nbd2 b6 5. a3 Bxd2+ 6. Qxd2 Bb7 7. e3 d6 8. Be2 Nbd7 9. 0-0 Qe7 10. b4 Rc8 11. Bb2 c5 12. Rfd1 Ne4 13. Qc2 0-0 14. Bd3 f5 15. Qe2 e5 16. Ne1 Rce8 17. d5 Rf6 18. f4 Rg6 19. Nf3 Rg4 20. Bxe4 fxe4 21. Nxe5 Nxe5 22. fxe5 Rg5 23. e6 b5 24. Rf1 Qd8 25. Rf7 Re7 26. Raf1 Rxf7 27. Rxf7 Qa8 28. Qf2 bxc4 29. e7 1-0

[Event "HUN-chT2 Breyer 1617"]
[Site "Hungary"]
[Date "2017.02.26"]
[Round "7.1"]
[White "Bokros, Albert"]
[Black "Dencsi, Tibor"]
[Result "1/2-1/2"]
[WhiteElo "2491"]
[BlackElo "2279"]
[PlyCount "38"]
[EventDate "2016.10.30"]
[EventType "team-tourn"]
[EventRounds "9"]
[EventCountry "HUN"]
[SourceTitle "EXT 2021"]
[Source "ChessBase"]
[SourceDate "2020.10.23"]
[SourceVersion "1"]
[SourceVersionDate "2020.10.23"]
[SourceQuality "1"]
[WhiteTeam "Biatorbagy"]
[BlackTeam "Vizugy"]
[WhiteTeamCountry "HUN"]
[BlackTeamCountry "HUN"]

1. e4 d5 2. exd5 Qxd5 3. Nf3 Bg4 4. Be2 Nc6 5. 0-0 0-0-0 6. h3 Bh5 7. Nc3 Qd7 8. d3 Nf6 9. Be3 e6 10. a3 Kb8 11. b4 Bxf3 12. Bxf3 Nd4 13. Re1 Be7 14. g3 Nxf3+ 15. Qxf3 Nd5 16. Ne4 Nxe3 17. Rxe3 Rhf8 18. Kg2 Qc6 19. c3 Rd5 1/2-1/2

[Event "HUN-chT2 Breyer 1516"]
[Site "Hungary"]
[Date "2015.12.06"]
[Round "6.1"]
[White "Bokros, Albert"]
[Black "Dencsi, Tibor"]
[Result "1-0"]
[WhiteElo "2477"]
[BlackElo "2316"]
[PlyCount "65"]
[EventDate "2015.09.13"]
[EventType "team-tourn"]
[EventRounds "11"]
[EventCountry "HUN"]
[SourceTitle "CBM 170 Extra"]
[Source "ChessBase"]
[SourceDate "2016.02.25"]
[SourceVersion "1"]
[SourceVersionDate "2016.02.25"]
[SourceQuality "1"]
[WhiteTeam "Biatorbagy"]
[BlackTeam "Vizugy"]
[WhiteTeamCountry "HUN"]
[BlackTeamCountry "HUN"]

1. e4 e5 2. Nf3 Nf6 3. d3 d6 4. g3 g6 5. Bg2 Bg7 6. 0-0 0-0 7. c3 c6 8. Nbd2 Re8 9. Re1 h6 10. d4 Qc7 11. h3 Be6 12. Nh4 Nh7 13. Nf1 Nf8 14. Be3 Bc4 15. Qd2 Kh7 16. b3 Ba6 17. Rad1 Nbd7 18. f4 Rad8 19. Qf2 exd4 20. cxd4 Nf6 21. Qc2 Qd7 22. Kh2 Re7 23. Bf2 Qe8 24. Nd2 Ne6 25. e5 dxe5 26. dxe5 Nd5 27. Nc4 Nb4 28. Qc3 Nd5 29. Qc1 Nec7 30. Nd6 Qf8 31. Bc5 Qg8 32. Be4 Ne6 33. Ba3 1-0

[Event "HUN-chT2 Breyer 1516"]
[Site "Hungary"]
[Date "2015.11.29"]
[Round "5.1"]
[White "Dencsi, Tibor"]
[Black "Akots, Gabor"]
[Result "1/2-1/2"]
[WhiteElo "2316"]
[BlackElo "2255"]
[PlyCount "28"]
[EventDate "2015.09.13"]
[EventType "team-tourn"]
[EventRounds "11"]
[EventCountry "HUN"]
[SourceTitle "CBM 170 Extra"]
[Source "ChessBase"]
[SourceDate "2016.02.25"]
[SourceVersion "1"]
[SourceVersionDate "2016.02.25"]
[SourceQuality "1"]
[WhiteTeam "Vizugy"]
[BlackTeam "Naszaly Geniusz Tata"]
[WhiteTeamCountry "HUN"]
[BlackTeamCountry "HUN"]

1. e4 e5 2. Nf3 Nc6 3. Be2 Nf6 4. d3 Bc5 5. 0-0 d6 6. c3 Bb6 7. Nbd2 0-0 8. Nc4 Ne7 9. Qc2 Ng6 10. Re1 Re8 11. h3 h6 12. Bf1 d5 13. Nxb6 axb6 14. a3 Be6 1/2-1/2

[Event "HUN-chT2 Erkel 1415"]
[Site "Hungary"]
[Date "2014.12.14"]
[Round "4.1"]
[White "Darazs, Zoltan"]
[Black "Dencsi, Tibor"]
[Result "1/2-1/2"]
[WhiteElo "2128"]
[BlackElo "2343"]
[PlyCount "40"]
[EventDate "2014.09.28"]
[EventType "team-tourn"]
[EventRounds "9"]
[EventCountry "HUN"]
[SourceTitle "EXT 2016"]
[Source "ChessBase"]
[SourceDate "2015.10.08"]
[SourceVersion "1"]
[SourceVersionDate "2015.10.08"]
[SourceQuality "1"]
[WhiteTeam "Jaszbereny"]
[BlackTeam "Vizugy"]
[WhiteTeamCountry "HUN"]
[BlackTeamCountry "HUN"]

1. e4 d5 2. exd5 Qxd5 3. Nc3 Qd6 4. d4 Nf6 5. Nf3 a6 6. Be2 e6 7. 0-0 Nbd7 8. Re1 Be7 9. Ne5 c5 10. Nxd7 Bxd7 11. dxc5 Qxc5 12. Bf3 0-0-0 13. Qe2 Qc7 14. h3 Bc6 15. Be3 Kb8 16. Bxc6 Qxc6 17. Bf4+ Bd6 18. Bxd6+ Qxd6 19. Ne4 Qf4 20. Nxf6 Qxf6 1/2-1/2

[Event "HUN-chT2 Charousek 1314"]
[Site "Hungary"]
[Date "2014.04.27"]
[Round "11"]
[White "Dencsi, Tibor"]
[Black "Ezsol, Miklos"]
[Result "1/2-1/2"]
[WhiteElo "2344"]
[BlackElo "2367"]
[PlyCount "110"]
[EventDate "2013.09.08"]
[EventType "team-tourn"]
[EventRounds "11"]
[EventCountry "HUN"]
[SourceTitle "EXT 2016"]
[Source "ChessBase"]
[SourceDate "2015.10.08"]
[SourceVersion "1"]
[SourceVersionDate "2015.10.08"]
[SourceQuality "1"]
[WhiteTeam "Budapest EAC"]
[BlackTeam "Gyor Elektromos"]
[WhiteTeamCountry "HUN"]
[BlackTeamCountry "HUN"]

1. c4 e5 2. e3 Nc6 3. a3 g6 4. b4 Bg7 5. Bb2 d6 6. d3 Nf6 7. Nf3 0-0 8. Nbd2 Re8 9. Be2 b6 10. 0-0 Bb7 11. Rc1 a5 12. b5 Nb8 13. d4 e4 14. Ne1 Nbd7 15. g3 c5 16. bxc6 Bxc6 17. Ng2 d5 18. Qb3 a4 19. Qa2 Bb7 20. Nf4 g5 21. Nxd5 Nxd5 22. cxd5 Nf6 23. Bb5 Bxd5 24. Qb1 Re6 25. Qc2 Bf8 26. Qc7 Qxc7 27. Rxc7 Bd6 28. Rc2 Ra5 29. Be2 Re8 30. Rfc1 Raa8 31. Bb5 Reb8 32. Nc4 Bf8 33. Kf1 h6 34. Ne5 Bb3 35. Rc6 Nd5 36. Nd7 Rd8 37. Nxf8 Rxf8 38. Rxh6 f6 39. h4 Kg7 40. hxg5 Rac8 41. Ke1 Rxc1+ 42. Bxc1 fxg5 43. Rd6 Rh8 44. Rc6 Rh1+ 45. Ke2 g4 46. Kd2 Rd1+ 47. Ke2 Rh1 48. Ba6 Kf8 49. Bb2 Ke7 50. Rc1 Rxc1 51. Bxc1 Nc7 52. Bc8 Be6 53. Bb7 Bd5 54. Bc8 Be6 55. Bb7 Bd5 1/2-1/2

[Event "HUN-chT2 Charousek 1314"]
[Site "Hungary"]
[Date "2013.09.22"]
[Round "2"]
[White "Marton, Jozsef"]
[Black "Dencsi, Tibor"]
[Result "1/2-1/2"]
[WhiteElo "2176"]
[BlackElo "2344"]
[PlyCount "53"]
[EventDate "2013.09.08"]
[EventType "team-tourn"]
[EventRounds "11"]
[EventCountry "HUN"]
[SourceTitle "EXT 2016"]
[Source "ChessBase"]
[SourceDate "2015.10.08"]
[SourceVersion "1"]
[SourceVersionDate "2015.10.08"]
[SourceQuality "1"]
[WhiteTeam "Tapolca"]
[BlackTeam "Budapest EAC"]
[WhiteTeamCountry "HUN"]
[BlackTeamCountry "HUN"]

1. d4 Nf6 2. Nf3 e6 3. c4 c5 4. e3 d6 5. Be2 Nbd7 6. Nc3 Be7 7. 0-0 0-0 8. Qc2 a6 9. Rd1 Qc7 10. Bd2 Re8 11. dxc5 Nxc5 12. b4 Ncd7 13. a4 d5 14. Qb3 dxc4 15. Bxc4 Ne5 16. Be2 Bd7 17. Rac1 Nxf3+ 18. Bxf3 Qb6 19. Ne4 Rac8 20. a5 Qb5 21. Nxf6+ Bxf6 22. Bc3 Bc6 23. Bxc6 Qxc6 24. Bb2 Qe4 25. Bxf6 gxf6 26. h3 Red8 27. Rxd8+ 1/2-1/2

[Event "HUN-chT 1213"]
[Site "Hungary"]
[Date "2012.12.02"]
[Round "5"]
[White "Sipos, Istvan"]
[Black "Dencsi, Tibor"]
[Result "1-0"]
[WhiteElo "2459"]
[BlackElo "2338"]
[PlyCount "73"]
[EventDate "2012.09.16"]
[EventType "team-tourn"]
[EventRounds "9"]
[EventCountry "HUN"]
[SourceTitle "EXT 2014"]
[Source "ChessBase"]
[SourceDate "2013.11.20"]
[SourceVersion "1"]
[SourceVersionDate "2013.11.20"]
[SourceQuality "1"]
[WhiteTeam "MLTC"]
[BlackTeam "BEAC"]
[WhiteTeamCountry "HUN"]
[BlackTeamCountry "HUN"]

1. c4 e5 2. Nc3 Nf6 3. Nf3 Nc6 4. e4 Bb4 5. d3 d6 6. a3 Ba5 7. h3 Ne7 8. b4 Bb6 9. Na4 0-0 10. Bb2 Re8 11. Nxb6 axb6 12. g3 Ng6 13. Bg2 h6 14. Qd2 Be6 15. 0-0 Qd7 16. Kh2 Nh7 17. Ng1 c5 18. Rae1 Rad8 19. Qe3 Qc7 20. f4 exf4 21. gxf4 f5 22. exf5 Bxf5 23. Qxe8+ Rxe8 24. Rxe8+ Kf7 25. Re3 Nf6 26. Nf3 Nh5 27. Nd4 Nh4 28. Nxf5 Nxf5 29. Ree1 Qd8 30. Bf3 Qh4 31. Bg4 Qg3+ 32. Kh1 g6 33. Bc3 Ne3 34. Rg1 Qf2 35. Re2 Ng3+ 36. Rxg3 Qxg3 37. Be1 1-0

[Event "HUN-chT 1213"]
[Site "Hungary"]
[Date "2012.10.07"]
[Round "2"]
[White "Petenyi, Tamas"]
[Black "Dencsi, Tibor"]
[Result "1/2-1/2"]
[WhiteElo "2457"]
[BlackElo "2338"]
[PlyCount "63"]
[EventDate "2012.09.16"]
[EventType "team-tourn"]
[EventRounds "9"]
[EventCountry "HUN"]
[SourceTitle "EXT 2013"]
[Source "ChessBase"]
[SourceDate "2012.11.22"]
[SourceVersion "1"]
[SourceVersionDate "2012.11.22"]
[SourceQuality "1"]
[WhiteTeam "HVSE Infraplan"]
[BlackTeam "BEAC"]
[WhiteTeamCountry "HUN"]
[BlackTeamCountry "HUN"]

1. e4 d6 2. d4 g6 3. Nc3 c6 4. f4 d5 5. e5 h5 6. Nf3 Nh6 7. Be3 Bg4 8. h3 Nf5 9. Bf2 Bxf3 10. Qxf3 h4 11. e6 fxe6 12. Bd3 Qd6 13. Qg4 Kf7 14. 0-0-0 Nd7 15. Kb1 b5 16. Ne2 a5 17. g3 Nf6 18. Qf3 hxg3 19. Nxg3 Bh6 20. Rhg1 Bxf4 21. Ne2 Bh6 22. Bg3 Qd7 23. Be5 Rhg8 24. Nf4 Bxf4 25. Qxf4 Rg7 26. Rg2 Rh8 27. Rh1 Rh4 28. Qf2 Rh6 29. Qd2 Rgh7 30. Qxa5 Rxh3 31. Rhg1 Rg7 32. a3 1/2-1/2

[Event "HUN-chT 1213"]
[Site "Hungary"]
[Date "2012.09.16"]
[Round "1"]
[White "Dencsi, Tibor"]
[Black "Csonka, Balazs"]
[Result "1-0"]
[WhiteElo "2338"]
[BlackElo "2287"]
[PlyCount "93"]
[EventDate "2012.09.16"]
[EventType "team-tourn"]
[EventRounds "9"]
[EventCountry "HUN"]
[SourceTitle "EXT 2013"]
[Source "ChessBase"]
[SourceDate "2012.11.22"]
[SourceVersion "1"]
[SourceVersionDate "2012.11.22"]
[SourceQuality "1"]
[WhiteTeam "BEAC"]
[BlackTeam "Mako"]
[WhiteTeamCountry "HUN"]
[BlackTeamCountry "HUN"]

1. d4 d5 2. Nf3 c6 3. e3 Bf5 4. Bd3 Bxd3 5. cxd3 Nf6 6. Nc3 e6 7. e4 Be7 8. 0-0 0-0 9. Qe2 Na6 10. Be3 Rc8 11. Rac1 Qa5 12. a3 Nc7 13. Nd2 Nb5 14. f3 Rcd8 15. Nb3 Nxc3 16. Rxc3 Qb6 17. Kh1 Kh8 18. e5 Nd7 19. f4 f5 20. exf6 Rxf6 21. g3 Qc7 22. Nd2 Bd6 23. Nf3 Nf8 24. b4 a6 25. Qb2 Ng6 26. a4 Rdf8 27. Rc2 Qb6 28. Rb1 Rf5 29. Bg1 h6 30. Ne5 Bxe5 31. dxe5 Qd8 32. Bc5 R8f7 33. b5 axb5 34. axb5 b6 35. Bd6 c5 36. Ra1 Kh7 37. Ra4 Ne7 38. Bxe7 Qxe7 39. Qa1 g5 40. Rca2 gxf4 41. g4 d4 42. Ra7 Rxe5 43. Rxe7 Rxe7 44. Ra7 Rxa7 45. Qxa7+ Kg6 46. Qxb6 f3 47. Kg1 1-0

[Event "HUN-chT2 Charousek 1112"]
[Site "Hungary"]
[Date "2012.04.22"]
[Round "9"]
[White "Dencsi, Tibor"]
[Black "Biro, Andras"]
[Result "1-0"]
[WhiteElo "2317"]
[BlackElo "2271"]
[PlyCount "125"]
[EventDate "2011.09.25"]
[EventType "team-tourn"]
[EventRounds "11"]
[EventCountry "HUN"]
[SourceTitle "EXT 2013"]
[Source "ChessBase"]
[SourceDate "2012.11.22"]
[SourceVersion "1"]
[SourceVersionDate "2012.11.22"]
[SourceQuality "1"]
[WhiteTeam "BEAC"]
[BlackTeam "MLTC II"]
[WhiteTeamCountry "HUN"]
[BlackTeamCountry "HUN"]

1. d4 Nf6 2. c4 g6 3. Nc3 Bg7 4. e4 d6 5. Nf3 0-0 6. Be2 c5 7. 0-0 Nc6 8. d5 Na5 9. Bf4 Nh5 10. Bg5 h6 11. Bd2 e5 12. g3 Kh7 13. Ne1 Bh3 14. Ng2 Qd7 15. f3 b6 16. Qc2 Rae8 17. Nd1 f5 18. exf5 Bxf5 19. Qc1 e4 20. f4 Bg4 21. Bxg4 Qxg4 22. Nge3 Bd4 23. Kg2 Qe2+ 24. Rf2 Qd3 25. Bxa5 bxa5 26. Qd2 g5 27. f5 g4 28. Qe1 Ng7 29. Rf4 h5 30. a4 Bxe3 31. Nxe3 Rb8 32. Qf2 Qd4 33. Rb1 Rb3 34. f6 Qxe3 35. fxg7 Qxf2+ 36. Rxf2 Rxf2+ 37. Kxf2 Kxg7 38. Re1 Rxb2+ 39. Ke3 Rxh2 40. Kxe4 Rf2 41. Rb1 Rf7 42. Rb8 Kg6 43. Rg8+ Kf6 44. Kf4 Rb7 45. Rd8 Ke7 46. Rh8 Rb4 47. Kf5 Rxc4 48. Rh7+ Kd8 49. Ke6 Re4+ 50. Kxd6 c4 51. Rh8+ Re8 52. Rxh5 c3 53. Rh2 Kc8 54. Kc6 Kb8 55. Rc2 Rc8+ 56. Kd7 Rc7+ 57. Kd8 Rc4 58. d6 Rd4 59. d7 Rd3 60. Ke7 Re3+ 61. Kd6 Rd3+ 62. Kc6 a6 63. Rc1 1-0

[Event "HUN-chT2 Charousek 1112"]
[Site "Hungary"]
[Date "2011.10.30"]
[Round "2"]
[White "Dencsi, Tibor"]
[Black "Toth, Gergely"]
[Result "1-0"]
[WhiteElo "2317"]
[BlackElo "2195"]
[PlyCount "103"]
[EventDate "2011.09.25"]
[EventType "team-tourn"]
[EventRounds "11"]
[EventCountry "HUN"]
[SourceTitle "EXT 2013"]
[Source "ChessBase"]
[SourceDate "2012.11.22"]
[SourceVersion "1"]
[SourceVersionDate "2012.11.22"]
[SourceQuality "1"]
[WhiteTeam "BEAC"]
[BlackTeam "Paks II"]
[WhiteTeamCountry "HUN"]
[BlackTeamCountry "HUN"]

1. e3 Nf6 2. f4 b6 3. Nf3 Bb7 4. b3 c5 5. Bb2 Nc6 6. Be2 e6 7. 0-0 Be7 8. Qe1 d5 9. Bb5 0-0 10. Bxc6 Bxc6 11. Qg3 d4 12. Kh1 Ne4 13. Qe1 Bf6 14. exd4 cxd4 15. d3 Nc5 16. Nbd2 Rc8 17. Qf2 Na6 18. Nxd4 Nb4 19. Nxc6 Rxc6 20. Bxf6 Qxf6 21. Nc4 b5 22. a3 bxc4 23. axb4 cxd3 24. cxd3 a6 25. Qa7 Rc2 26. Rxa6 Qg6 27. Rg1 Qxd3 28. Qb7 h6 29. b5 Qe3 30. Raa1 Kh7 31. Rge1 Qxf4 32. b6 Rb2 33. Rf1 Qg4 34. h3 Qg5 35. Qe4+ f5 36. Qf3 e5 37. Rg1 Rb8 38. Qc3 Re2 39. Qc7 Qd8 40. Ra7 Qf8 41. Qc4 Re3 42. Rf7 Qc8 43. Qc7 Kh8 44. Rxg7 Qxc7 45. bxc7 Rc8 46. Rd7 Rg3 47. b4 f4 48. b5 Rcg8 49. Rd8 Rc3 50. b6 Kh7 51. Rxg8 Kxg8 52. b7 1-0

[Event "HUN-chT2 Charousek 1112"]
[Site "Hungary"]
[Date "2011.09.25"]
[Round "1"]
[White "Dencsi, Tibor"]
[Black "Frank, Jozsef1111"]
[Result "1-0"]
[WhiteElo "2317"]
[BlackElo "2186"]
[PlyCount "107"]
[EventDate "2011.09.25"]
[EventType "team-tourn"]
[EventRounds "11"]
[EventCountry "HUN"]
[SourceTitle "EXT 2013"]
[Source "ChessBase"]
[SourceDate "2012.11.22"]
[SourceVersion "1"]
[SourceVersionDate "2012.11.22"]
[SourceQuality "1"]
[WhiteTeam "BEAC"]
[BlackTeam "Gyor Elektromos"]
[WhiteTeamCountry "HUN"]
[BlackTeamCountry "HUN"]

1. e4 e5 2. Nc3 Nf6 3. g3 Bc5 4. Bg2 0-0 5. Nge2 Nc6 6. 0-0 d6 7. Na4 Bg4 8. Nxc5 dxc5 9. h3 Bh5 10. g4 Bg6 11. d3 h5 12. Ng3 hxg4 13. hxg4 Nh7 14. Be3 Nd4 15. Nf5 a5 16. Qd2 Ra6 17. c3 Ne6 18. Rad1 a4 19. f4 exf4 20. Bxf4 Nxf4 21. Qxf4 Bxf5 22. gxf5 Rd6 23. d4 cxd4 24. e5 Rh6 25. Rxd4 Qe7 26. Rxa4 b5 27. Rd4 c5 28. Rd3 Re8 29. Re1 Rh4 30. Qg3 Rh5 31. Qf4 Rh4 32. Qf2 Rg4 33. Rg3 Qg5 34. Rxg4 Qxg4 35. Qf3 Qh4 36. Qf2 Qg4 37. Qf3 Qh4 38. Qe4 Qh6 39. Qc6 Nf6 40. Qxb5 Re7 41. Qe2 Qg5 42. Qf2 Ng4 43. Qg3 c4 44. Bh3 Rxe5 45. Rxe5 Nxe5 46. Qxg5 Nf3+ 47. Kf2 Nxg5 48. Bg2 g6 49. a4 gxf5 50. a5 Ne6 51. a6 Nc7 52. a7 Kg7 53. a8Q Nxa8 54. Bxa8 1-0

[Event "HUN-chT2 Charousek 1011"]
[Site "Hungary"]
[Date "2011.03.27"]
[Round "7"]
[White "Szabo, Richard"]
[Black "Dencsi, Tibor"]
[Result "1/2-1/2"]
[WhiteElo "2180"]
[BlackElo "2353"]
[PlyCount "53"]
[EventDate "2010.09.12"]
[EventType "team-tourn"]
[EventRounds "11"]
[EventCountry "HUN"]
[SourceTitle "EXT 2012"]
[Source "ChessBase"]
[SourceDate "2011.11.24"]
[SourceVersion "1"]
[SourceVersionDate "2011.11.24"]
[SourceQuality "1"]
[WhiteTeam "Decs II"]
[BlackTeam "BEAC"]
[WhiteTeamCountry "HUN"]
[BlackTeamCountry "HUN"]

1. c4 e5 2. Nc3 Nf6 3. Nf3 Nc6 4. e3 g6 5. d4 d6 6. dxe5 Nxe5 7. Nxe5 dxe5 8. Qxd8+ Kxd8 9. b3 c6 10. Bb2 Bd6 11. 0-0-0 Ke7 12. Be2 Be6 13. Rd2 Rhd8 14. Rhd1 Bc7 15. Ba3+ Ke8 16. f3 Rxd2 17. Rxd2 Rd8 18. Rxd8+ Kxd8 19. Kd2 Kd7 20. Bd3 Bd6 21. Bb2 Ke7 22. g3 Kd7 23. Ke2 Ke7 24. Kd2 Kd7 25. Ke2 Ke7 26. Kd2 Bd7 27. Ke2 1/2-1/2

[Event "HUN-chT2 Charousek 0910"]
[Site "Hungary"]
[Date "2010.04.10"]
[Round "6"]
[White "Dencsi, Tibor"]
[Black "Dobos, Jozsef"]
[Result "1-0"]
[WhiteElo "2338"]
[BlackElo "2288"]
[PlyCount "91"]
[EventDate "2009.11.08"]
[EventType "team-tourn"]
[EventRounds "11"]
[EventCountry "HUN"]
[SourceTitle "EXT 2011"]
[Source "ChessBase"]
[SourceDate "2010.11.26"]
[SourceVersion "1"]
[SourceVersionDate "2010.11.26"]
[SourceQuality "1"]
[WhiteTeam "Pannonpower"]
[BlackTeam "Csuti II"]
[WhiteTeamCountry "HUN"]
[BlackTeamCountry "HUN"]

1. d4 Nf6 2. c4 g6 3. Nc3 Bg7 4. Nf3 0-0 5. Bg5 c5 6. e3 Qa5 7. Qd2 d6 8. Be2 h6 9. Bxf6 exf6 10. 0-0 Nc6 11. Rfd1 Rd8 12. Nd5 Qxd2 13. Rxd2 Bg4 14. Rad1 Kf8 15. h3 Bxf3 16. Bxf3 Rac8 17. dxc5 dxc5 18. g4 b6 19. b3 Ne7 20. Nc7 Rxd2 21. Rxd2 f5 22. Rd7 Be5 23. Nb5 a5 24. gxf5 Nxf5 25. Bd5 Ne7 26. f4 Bb8 27. Rb7 g5 28. fxg5 hxg5 29. Rxb6 Be5 30. e4 Kg7 31. Kg2 Rh8 32. Rb7 Ng6 33. Rxf7+ Kh6 34. Kf2 Nf4 35. Re7 Nxh3+ 36. Kf3 Rf8+ 37. Rf7 Rb8 38. Kg4 Nf4 39. Kf5 Ng6 40. Na7 a4 41. Nc6 axb3 42. axb3 Re8 43. Nxe5 Rxe5+ 44. Kf6 g4 45. Rg7 Rg5 46. Bg8 1-0

[Event "HUN-chT2 Charousek 0910"]
[Site "Hungary"]
[Date "2010.01.31"]
[Round "5"]
[White "Petenyi, Tamas"]
[Black "Dencsi, Tibor"]
[Result "1-0"]
[WhiteElo "2261"]
[BlackElo "2338"]
[PlyCount "59"]
[EventDate "2009.11.08"]
[EventType "team-tourn"]
[EventRounds "11"]
[EventCountry "HUN"]
[SourceTitle "EXT 2011"]
[Source "ChessBase"]
[SourceDate "2010.11.26"]
[SourceVersion "1"]
[SourceVersionDate "2010.11.26"]
[SourceQuality "1"]
[WhiteTeam "Haladas II"]
[BlackTeam "Pannonpower"]
[WhiteTeamCountry "HUN"]
[BlackTeamCountry "HUN"]

1. e4 Nf6 2. e5 Nd5 3. d4 d6 4. Nf3 Nb6 5. c4 g6 6. exd6 cxd6 7. h3 Bg7 8. Nc3 0-0 9. Be3 Nc6 10. Rc1 d5 11. c5 Nc4 12. Bxc4 dxc4 13. 0-0 e5 14. d5 Nb4 15. b3 Nd3 16. Rc2 f5 17. bxc4 e4 18. Bd4 Bxd4 19. Nxd4 Nxc5 20. f3 Bd7 21. fxe4 fxe4 22. Rxf8+ Qxf8 23. Nb3 Rc8 24. Qd4 b6 25. Rf2 Qe7 26. Nxc5 bxc5 27. Qe3 Qe5 28. Rf4 Bf5 29. g4 Qd4 30. Kf2 1-0

[Event "HUN-chT2 Charousek 0910"]
[Site "Hungary"]
[Date "2009.12.06"]
[Round "3"]
[White "Kosztolanczi, Gyula"]
[Black "Dencsi, Tibor"]
[Result "0-1"]
[WhiteElo "2164"]
[BlackElo "2338"]
[PlyCount "78"]
[EventDate "2009.11.08"]
[EventType "team-tourn"]
[EventRounds "11"]
[EventCountry "HUN"]
[SourceTitle "EXT 2011"]
[Source "ChessBase"]
[SourceDate "2010.11.26"]
[SourceVersion "1"]
[SourceVersionDate "2010.11.26"]
[SourceQuality "1"]
[WhiteTeam "Tapolca"]
[BlackTeam "Pannonpower"]
[WhiteTeamCountry "HUN"]
[BlackTeamCountry "HUN"]

1. e4 d6 2. d4 g6 3. Nc3 c6 4. Bc4 Nf6 5. Bb3 Bg7 6. Bg5 Qc7 7. f4 d5 8. Bxf6 Bxf6 9. exd5 Qxf4 10. Nge2 Qe3 11. dxc6 bxc6 12. Qd2 Qxd2+ 13. Kxd2 Bg5+ 14. Ke1 Nd7 15. Ne4 Be3 16. Rf1 0-0 17. Rf3 Bh6 18. Kf2 Kg7 19. g4 Nf6 20. Nxf6 exf6 21. h3 f5 22. Rg1 fxg4 23. hxg4 Bg5 24. Kg3 f5 25. gxf5 Bxf5 26. Kh2 Bh6 27. Ng3 Bg4 28. Rc3 Rae8 29. Rxc6 Be3 30. Rc7+ Kh6 31. Bd5 Bxg1+ 32. Kxg1 Re1+ 33. Kg2 Rd1 34. c3 Rd2+ 35. Kg1 Bf3 36. Bxf3 Rxf3 37. Ne4 Rxb2 38. d5 Re3 39. Nf2 Rg3+ 0-1